लोड हो रहा है...

REPORT OF THE HIGH LEVEL WORKING GROUP ON WESTERN GHATS Volume I

ग्रंथसूची विवरण
मुख्य लेखक: K. KASTURIRANGAN
स्वरूप: Printed Book
प्रकाशित: 2013 Ministry of Environment and Forests Government of India
विषय:
ऑनलाइन पहुंच:http://10.26.1.76/ks/005528.pdf
LEADER 00487nam a22001217a 4500
100 |a K. KASTURIRANGAN  |9 28816 
245 |a REPORT OF THE HIGH LEVEL WORKING GROUP ON WESTERN GHATS Volume I 
260 |a 2013  |b Ministry of Environment and Forests Government of India  
650 |a ENVIRONMENT IMPACT STUDY;  |a ENVIRONMENT FRAGILE AREAS  |9 28817 
856 |u http://10.26.1.76/ks/005528.pdf 
942 |c KS 
999 |c 80832  |d 80832 
952 |0 0  |1 0  |4 0  |7 0  |9 72852  |a MGUL  |b MGUL  |d 2016-03-11  |l 0  |r 2016-03-11  |w 2016-03-11  |y KS